000 00410nam a2200181Ia 4500
001 1396
005 20260306143725.0
008 260306t2005||||xx |||||||||||||| ||spa||
041 _aESP
082 _a150
_bC77
100 _aCoon, Dennis
_eAUT
245 0 _aFundamentos de psicologia
260 _c2005
300 _a537 páginas :
_c27 cm.
650 _aGEN
654 _aCPS
942 _cLIB
_dJUS
_fJUS
_2ddc
_n
999 _c1396
_d1396